00887nam a22002657a 45000010005000000030006000050050017000110080041000280200018000690400029000870500015001160820011001311000027001422450078001692500009002472600032002563000045002885050007003335200150003405210019004905210018005096500034005276500028005617000032005894996FISKH20241218122537.0241031b cb ||||| |||| 00| 0 eng d a9780689808340 aFISKHbengcFISKHdFISKH aPZ7.H83727 2813.54 aHowe, Jamesd(1946–) aPinky and Rex and the bully /cby James Howe illustrated by Melissa Sweet a1996 aNew York :bAladdin,c1996. a40 pages :bcolor illustrations ;c23 cm aN  aPinky learns the importance of identity as he defends his favorite color, pink, and his friendship with a girl, Rex, from the neighborhood bully.8 a570L bLexile 8 aN bRaz-Plus  2FictionaBullyingvFriendship 2Early chapteraFeelings aSweet, MelissadIllustrator